000 00418cam a2200169ua 4500
001 5136
008 120816n ii |||gr||||Z||||||eng
020 _a0333-92017-1
040 _cMAIN
082 _a822.33
100 _aJohnson, Samuel,
_eAuthor,
245 1 1 _aPreface to shakespeare
_cby Samuel Johnson
250 _a1st.
260 _aDelhi:
_bMacmillan india limited,
_c1999.
300 _a75p:
_c15cm.
942 _cBK
999 _c4318
_d4318